banner-ar

السياسة و الازهر : (Record no. 60938)

MARC details
000 -الفاتح
حقل البيانات ثابتة الطول 01034nam a22002537a 4500
005 - وقت وتاريخ اخر تعامل مع التسجيلة
رقم الضبط 20240530110435.0
008 - عناصر البيانات ثابتة الطول - معلومات عامة
حقل البيانات ثابتة الطول 150330s2011 ua ao g 000 0 ara d
017 ## - رقم الايداع القانونى
رقم الايداع القانونى 2010/20788
المصدر ( الهيئة المختصة) مصر . دار الكتب المصرية
020 ## - الرقم الدولى المعيارى للكتب
الرقم الدولى المعيارى للكتاب 9789770929377
040 ## - مصدر الفهرسة
وكالة الفهرسة الأصلية EG-CaGPL
082 04 - رقم تصنيف ديوى العشرى
رقم الطبعة 21
رقم التصنيف 215.962
رقم المادة ق/ف س
100 0# - المدخل الرئيسى - إسم شخصى
الترقيم فخرالدين الاحمدى الظواهرى
245 12 - بيان العنوان
العنوان السياسة و الازهر :
بقية العنوان من مذكرات شيخ الاسلام الظواهرى /
بيان المسئوليه,etc فخرالدين الاحمدى الظواهرى.
250 ## - بيان الطبعة
بيان الطبعة ط1.
260 ## - PUBLICATION, DISTRIBUTION, ETC. (IMPRINT)
تاريخ النشر أو التوزيع 2011.
300 ## - الوصف المادى
التعداد 324 ص :
تفاصيل ماديه اخرى للوعاء صور ،
أبعاد الوعاء 24 سم.
600 0# - المدخل الاضافى بالموضوع-اسم شخصى
الإسم الشخصى محمد الاحمدى الظواهرى
التقسيم الفرعي الشكلي صور
600 0# - المدخل الاضافى بالموضوع-اسم شخصى
الإسم الشخصى فؤاد الاول
الشكل الأكمل للاسم ملك
التقسيم الفرعي الشكلي صور
650 04 - المدخل الاضافى بالموضوع-مصطلح موضوعى
مصطلح موضوعي الازهر
650 04 - المدخل الاضافى بالموضوع-مصطلح موضوعى
مصطلح موضوعي الازهر
التقسيم الفرعي العام الاحوال السياسية
التقسيم الفرعي الجغرافي مصر
650 04 - المدخل الاضافى بالموضوع-مصطلح موضوعى
مصطلح موضوعي الازهر
التقسيم الفرعي العام تاريخ
التقسيم الفرعي الزمني عصر الملك فؤاد الاول
942 ## - عناصر المدخل الإضافي( كوها)
مصدر التصنيف او مخطط الترفيف Dewey Decimal Classification
Koha [default] item type كتاب
260 ## - PUBLICATION, DISTRIBUTION, ETC. (IMPRINT)
-- القاهرة :
-- دار الشروق ،
Holdings
حالة التراجع حالة الفقد حالة تلف ليس للاعارة المكان المؤقت الموقع الحالى تاريخ الاكتساب اجمالي اﻻعارات رقم الطلب الباركود تاريخ اخر مشاهدة تاريخ تفعيل السعر نوع وعاء كوها
        مكتبة القاهرة الكبرى مكتبة القاهرة الكبرى 04/08/2015   215.962 ق/ف س 160133 04/08/2015 04/08/2015 كتاب

Powered By

EGPV